Programa respir [Objecte]
Descripción Física:
1 carpeta ; 29 cm + 3 fulletons
MARC
| LEADER | 00000nam a2200000Ia 4500 | ||
|---|---|---|---|
| 001 | 21842 | ||
| 008 | 160829s2008 xx 000 0 cat d | ||
| 080 | |a NBM-3-21 | ||
| 245 | |a Programa respir [Objecte] | ||
| 260 | |a Barcelona : |b Diputació de Barcelona. Àrea de Benestar Social, |c 2008 | ||
| 300 | |a 1 carpeta ; |c 29 cm + 3 fulletons | ||
| 590 | |a Els fulletons són: Servei d'estades temporals per a persones amb discapacitat psíquica. Servei residencial d'estades temporals per a gent gran: programa de suport a les famílies cuidadores. Servei residencial d'estades temporals i respir per a gent gran: atenció, informació i suport a les famílies | ||
| 710 | 1 | |a Barcelona (Catalunya : Província). |b Àrea de Benestar Social |9 52988 | |
| 901 | |a Arxiu | ||
| 942 | |n 1 | ||
| 952 | |0 0 |1 0 |4 0 |6 NBM321 |7 1 |9 53165 |a Arxiu |b Arxiu |d 2016-12-01 |l 0 |o NBM-3-21 |p 21842 |r 2016-12-01 00:00:00 |w 2016-12-01 |y ARXIU | ||
| 999 | |c 57014 |d 57014 | ||